| 000 | 01029nas a2200253Ia 4500 | ||
|---|---|---|---|
| 001 | R706/87419 | ||
| 003 | IT-RoPAU | ||
| 008 | 151124c99999999xx |||||||||||| ||und|| | ||
| 040 | _aIT-RoPAU | ||
| 040 | _cIT-RoPAU | ||
| 041 | _aINGLESE | ||
| 100 |
_aManetti Giovanni _gCodice Aut. SPICS: 4263 |
||
| 210 | _aVERSUS | ||
| 222 | _aVersus | ||
| 245 |
_aVERSUS, N.050/051 (MAGGIO/DICEMBRE 1988) _bPerception, Encyclopedia, And Language Among The Stoics |
||
| 250 | _a1a ed. | ||
| 260 |
_aMILANO _bBOMPIANI _c1988 |
||
| 501 |
_bPaulus - SPICS - Società San Paolo EM (non-commercial uses only) _cCopyright2015 |
||
| 300 | _a22 p. [123-144] | ||
| 362 | _aN.050/051 (MAGGIO/DICEMBRE 1988) | ||
| 500 | _aPercezione, Enciclopedia e Linguaggio tra gli Stoici. Percezione e Criterio di Verità . Dottrina di Rappresentazione e Impressioni Nello Spirito. Teoria della Conoscenza: Sensazione e Percezione. Percezione ed Enciclopedia. Rappresentazione e Linguaggio. | ||
| 650 |
_aSEMIOTICA _vPUBBLICAZIONE PERIODICA |
||
| 942 | _cCR | ||
| 999 |
_c191769 _d191769 |
||